Loko-niti (Record no. 8506)

MARC details
000 -LEADER
fixed length control field 00513cam a2200205ua 4500
001 - CONTROL NUMBER
control field 9465
005 - DATE AND TIME OF LATEST TRANSACTION
control field 20260515114453.0
008 - FIXED-LENGTH DATA ELEMENTS--GENERAL INFORMATION
fixed length control field 150922n ii |||gr||||Z||||||asm
040 ## - CATALOGING SOURCE
Transcribing agency MAIN
041 ## - LANGUAGE CODE
Language code of text/sound track or separate title asm
082 ## - DEWEY DECIMAL CLASSIFICATION NUMBER
Classification number 294.3
100 ## - MAIN ENTRY--PERSONAL NAME
Personal name Bhikshu, Shasanbanksha,
Relator term Translator.
245 1# - TITLE STATEMENT
Title Loko-niti
Statement of responsibility, etc. trnsltd. by Shasanbanksha Bhikshu
250 ## - EDITION STATEMENT
Edition statement 3rd ed.
260 ## - PUBLICATION, DISTRIBUTION, ETC.
Place of publication, distribution, etc. Sibsagar:
Name of publisher, distributor, etc. Tripitok prakashan porikhad.
300 ## - PHYSICAL DESCRIPTION
Extent 55p.
653 ## - INDEX TERM--UNCONTROLLED
Uncontrolled term Religions ofIndic origin
653 ## - INDEX TERM--UNCONTROLLED
Uncontrolled term Buddhism
942 ## - ADDED ENTRY ELEMENTS (KOHA)
Koha item type Books
Holdings
Withdrawn status Lost status Damaged status Not for loan Home library Current library Shelving location Date acquired Total checkouts Full call number Barcode Date last seen Copy number Price effective from Koha item type
        Naharkatiya College Library Naharkatiya College Library General stacks 09/19/2020   294.3 | LOK 22841 09/19/2020 1 09/19/2020 Books